Quiz o wiedzy star wars - Statystyki

Ogólne statystyki
  • Ten quiz został rozwiązany 2 666 razy
    2 649 od ostatniego zresetowania
  • Średni wynik to 12 z 15
Statystyki odpowiedzi
Hint Odpowiedź % Poprawnych
Pilot sokoła millenium Han solo
98%
'I am your father' Darth Vader
95%
Jedno z bliźniąt które dorastało na Alderaan Leia
95%
Jedno z bliźniąt które dorastało na Tatooine Luke Skywalker
91%
Droid protokolarny C3PO
90%
Sith z pomalowaną twarzą Darth Maul
90%
Królowa Naboo Padme Amidala
90%
Drugi pilot sokoła millenium Chewbacca
88%
Jedi który odkrył "wybrańca" Qui-gon jinn
81%
Były mistrz Hrabiego Dooku Yoda
81%
Zarządca miasta w chmurach Lando Calrissian
79%
Przyjazny Gungan Jar Jar Binks
78%
Admirał floty rebelii Admirał Ackbar
54%
Łowca nagród który "strzelił pierwszy" Greedo
51%
Ewok który pomagał księżniczce Wicket
25%
Nie znaleziono quizów pasujących do podanych kryteriów
Rozkład punktacji
Procent ludzi z każdym wynikiem
Percentyl według liczby udzielonych odpowiedzi
Twoja historia wyników
Nie rozwiązałeś tego quizu od ostatniego zresetowania